000
00231 a2200097 4500
001
910
100
_a
Thaler,G.J
245
_a
Analysis & design of monliner feedback control systems
260
_a
_b
Mcgrawhill
_c
090
_c
500
_d
500
942
_a
NUST-CAE
_c
M
_c
31379
999
_c
235983
_d
235983